000
00291nam a22001337a 4500
008
171024b xxu||||| |||| 00| 0 eng d
020
_a
9781559533348
041
_a
eng
080
_a
311
100
_a
55
101
_a
STA
245
_a
STATISTICS IN ACTION
_c
WATKINS,A.E
942
_2
udc
_c
BK
999
_c
35789
_d
35789